Radiohead Lyrics - No Hints #3 - Statistics

General Stats
  • This quiz has been taken 196 times
  • The average score is 68 of 165
Answer Stats
Answer % Correct
i
97%
a
95%
you
92%
the
75%
no
66%
he
65%
when
63%
and
61%
be
60%
me
59%
to
58%
am
57%
in
57%
all
50%
on
50%
my
49%
your
48%
is
47%
it
47%
dont
45%
will
44%
get
41%
im
40%
of
40%
that
40%
why
40%
down
39%
with
38%
at
36%
could
36%
from
36%
head
36%
please
36%
some
34%
stop
34%
his
33%
rain
33%
king
32%
noise
32%
trying
32%
whats
32%
chicken
31%
look
30%
rest
30%
wall
30%
against
29%
come
29%
first
29%
unborn
29%
voices
29%
youre
29%
children
28%
does
28%
great
28%
remember
28%
consequence
27%
god
26%
height
26%
loves
26%
name
26%
which
26%
little
25%
guess
24%
opinion
24%
off
23%
piggy
23%
gucci
22%
makes
22%
man
22%
pretty
22%
ugly
22%
yeah
22%
ambition
19%
kicking
19%
pigskin
19%
vomit
19%
panic
16%
screaming
16%
squealing
16%
thats
16%
crackle
15%
leaving
15%
networking
13%
sir
13%
yuppies
12%
dust
9%
No matching quizzes found
Score Distribution
Percent of People with Each Score
Percentile by Number Answered
Your Score History
You have not taken this quiz